Statistics for Köppen Climate Classification Groups and Subgroups

Click here to take the quiz!

General Stats

  • This quiz has been taken 32 times
  • The average score is 12 of 20

Answer Stats

HintAnswer% Correct
ATropical
90%
kCold
86%
BDry
86%
hHot
81%
mMonsoon
76%
EPolar
76%
DContinental
71%
fRainforest
71%
TTundra
71%
SSemi-Arid / Steppe
67%
FIce Cap
52%
cCold Summer
48%
aHot Summer
48%
bWarm Summer
48%
sDry Summer
43%
wDry Winter
43%
WArid Desert
38%
fNo Dry Season
38%
dVery Cold Winter
33%
CTemprate
14%

Score Distribution

Percentile by Number Answered

Percent of People with Each Score

Your Score History

You have not taken this quiz